動画時間が6分以上の乃木坂46の楽曲のMV(サドンデス) - Statistics

General Stats
  • This quiz has been taken 22 times
  • The average score is 1 of 32
Answers on the Grid
Answers color-coded by a green-red scale on the quiz's grid according to % correct below.
シンクロニシティ
インフルエンサー
サヨナラの意味
Sing Out!
帰り道は遠回りしたくなる
制服のマネキン
逃げ水
いつかできるから今日できる
おいでシャンプー
ガールズルール
命は美しい
気付いたら片想い
太陽ノック
君に叱られた
ここにはないもの
しあわせの保護色
バレッタ
何度目の青空か?
好きというのはロックだぜ!
人は夢を二度見る
乃木坂の詩
三番目の風
4番目の光
絶望の一秒前
I see...
僕の衝動
空扉
音が出ないギター
日常
いつの日にか、あの歌を・・・
新しい世界
白米様
アナスターシャ
君に贈る花がない
考えないようにする
路面電車の街
アンダー
嫉妬の権利
平行線
シークレットグラフィティ―
未来の答え
私、起きる
意外BREAK
涙がまだ悲しみだった頃
口ほどにもないKISS
風船は生きている
あの日僕は咄嗟に嘘をついた
ここにいる理由
別れ際、もっと好きになる
思い出が止まらなくなる
無口なライオン
羽根の記憶
ポピパッパパー
心にもないこと
その先の出口
魚たちのLOVE SONG
17分間
Wilderness world
Out of the blue
のような存在
錆びたコンパス
失いたくないから
不等号
立ち直り中
車道側
生まれたままで
告白の順番
踏んでしまった
シャキイズム
でこぴん
Under's Love
そんなバカな・・・
転がった鐘をならせ!
あの教室
孤独兄弟
春のメロディー
失恋お掃除人
地球が丸いなら
つづく
じゃあね。
時々 思い出してください
水玉模様
強がる蕾
歳月の轍
ないものねだり
これから
私の色
さ~ゆ~Ready?
忘れないといいな
夏桜
 
Answer Stats
Answer % Correct
8分31秒 サヨナラの意味
62%
7分16秒 逃げ水
31%
9分05秒 気付いたら片想い
15%
9分36秒 バレッタ
15%
6分50秒 ここにはないもの
8%
8分21秒 じゃあね。
8%
6分44秒 Out of the blue
8%
8分11秒 おいでシャンプー
0%
6分57秒 ガールズルール
0%
6分58秒 太陽ノック
0%
6分46秒 好きというのはロックだぜ!
0%
6分06秒 僕の衝動
0%
6分50秒 考えないようにする
0%
7分55秒 路面電車の街
0%
6分06秒 嫉妬の権利
0%
9分32秒 私、起きる
0%
9分56秒 あの日僕は咄嗟に嘘をついた
0%
7分05秒 別れ際、もっと好きになる
0%
9分37秒 無口なライオン
0%
7分31秒 不等号
0%
10分3秒 立ち直り中
0%
6分02秒 生まれたままで
0%
6分54秒 告白の順番
0%
10分05秒 そんなバカな・・・
0%
6分28秒 あの教室
0%
7分02秒 失恋お掃除人
0%
7分49秒 地球が丸いなら
0%
8分24秒 時々 思い出してください
0%
6分06秒 歳月の轍
0%
6分31秒 私の色
0%
17分ではなく6分33秒 17分間
0%
6分05秒 さ~ゆ~Ready?
0%
No matching quizzes found
Score Distribution
Percent of People with Each Score
Percentile by Number Answered
Your Score History
You have not taken this quiz